000 00467nam a2200181Ia 4500
001 25115
005 20260414151128.0
008 260414t2013||||xx |||||||||||||| ||spa||
041 _aESP
082 _a346.2
_bV917 T. 4
100 _aVarsi Rospigliosi, Enrique
_eAUT
245 0 _aTratado de derecho de familia :
_bderecho de la filiación
260 _c2013
300 _a656 páginas :
_c24 cm.
650 _aDER
654 _aCDE
942 _cLIB
_dJUS
_fJUS
_2ddc
_n
999 _c25115
_d25115